[Event "POL-chT U19 2nd League"]
[Site "Iwonicz"]
[Date "2015.08.01"]
[Round "10.67"]
[White "Wolniaczyk, Bartosz"]
[Black "Cieslak, Patrycjusz"]
[Result "1/2-1/2"]
[WhiteElo "1651"]
[BlackElo "1818"]
[PlyCount "47"]
[EventDate "2015.07.25"]
[EventType "team-swiss"]
[EventRounds "11"]
[EventCountry "POL"]
[SourceTitle "EXT 2019"]
[Source "ChessBase"]
[SourceDate "2018.10.10"]
[SourceVersion "1"]
[SourceVersionDate "2018.10.10"]
[SourceQuality "1"]
[WhiteTeam "Wielun UKS Piatka U19"]
[BlackTeam "Rybnik MKSz U19 II"]
[WhiteTeamCountry "POL"]
[BlackTeamCountry "POL"]

1. e4 d5 2. exd5 Nf6 3. d4 Bg4 4. Be2 Bxe2 5. Nxe2 Qxd5 6. 0-0 Nc6 7. b3 0-0-0 8. c4 Qh5 9. Bb2 Nxd4 10. Nxd4 Qxd1 11. Rxd1 e5 12. Nc3 exd4 13. Nb5 c5 14. Nxa7+ Kd7 15. b4 b6 16. bxc5 bxc5 17. Bxd4 cxd4 18. Rxd4+ Kc7 19. Nb5+ Kc8 20. Na7+ Kc7 21. Nb5+ Kc8 22. Na7+ Kc7 23. Nb5+ Kc8 24. Na7+ 1/2-1/2

[Event "POL-chT U19 2nd League"]
[Site "Iwonicz"]
[Date "2015.08.01"]
[Round "4.67"]
[White "Wolniaczyk, Bartosz"]
[Black "Kaminski, Piotr1111"]
[Result "1-0"]
[WhiteElo "1651"]
[BlackElo "1795"]
[PlyCount "43"]
[EventDate "2015.07.25"]
[EventType "team-swiss"]
[EventRounds "11"]
[EventCountry "POL"]
[SourceTitle "EXT 2019"]
[Source "ChessBase"]
[SourceDate "2018.10.10"]
[SourceVersion "1"]
[SourceVersionDate "2018.10.10"]
[SourceQuality "1"]
[WhiteTeam "Wielun UKS Piatka U19"]
[BlackTeam "Gniezno LKS Chrobry U19"]
[WhiteTeamCountry "POL"]
[BlackTeamCountry "POL"]

1. e4 c5 2. Nf3 e6 3. d4 cxd4 4. Nxd4 Nc6 5. Nc3 Qc7 6. Be2 a6 7. 0-0 Nf6 8. Be3 Bb4 9. f3 Bxc3 10. bxc3 0-0 11. Qd2 Na5 12. Bg5 b5 13. Bxf6 gxf6 14. Qh6 Qc5 15. f4 Nc6 16. Rf3 Ne7 17. Kh1 f5 18. exf5 exf5 19. h4 f6 20. Rg3+ Kf7 21. Bh5+ Ng6 22. Qxh7+ 1-0

[Event "POL-chT U19 2nd League"]
[Site "Iwonicz"]
[Date "2015.08.01"]
[Round "2.79"]
[White "Wolniaczyk, Bartosz"]
[Black "Lascar, Radoslawa"]
[Result "0-1"]
[WhiteElo "1651"]
[BlackElo "1730"]
[PlyCount "84"]
[EventDate "2015.07.25"]
[EventType "team-swiss"]
[EventRounds "11"]
[EventCountry "POL"]
[SourceTitle "EXT 2019"]
[Source "ChessBase"]
[SourceDate "2018.10.10"]
[SourceVersion "1"]
[SourceVersionDate "2018.10.10"]
[SourceQuality "1"]
[WhiteTeam "Wielun UKS Piatka U19"]
[BlackTeam "Wroclaw MUKS MDK Srodmiescie U19 II"]
[WhiteTeamCountry "POL"]
[BlackTeamCountry "POL"]

1. e4 c5 2. Nf3 Nc6 3. Bb5 e6 4. 0-0 Nge7 5. Re1 a6 6. Bxc6 Nxc6 7. d4 cxd4 8. Nxd4 Qc7 9. Be3 Be7 10. Nc3 0-0 11. Qg4 Kh8 12. Nxc6 bxc6 13. f4 f5 14. Qg3 fxe4 15. Nxe4 d5 16. Bd4 Bf6 17. Nxf6 gxf6 18. Qh4 Qe7 19. f5 c5 20. Be3 e5 21. Bh6 Rg8 22. Qf2 Qc7 23. Re3 d4 24. Re2 Qc6 25. Qh4 Bb7 26. Qh3 e4 27. Rae1 e3 28. Bf4 a5 29. Bg3 Ba6 30. Qh5 Bxe2 31. Qxe2 Qe4 32. Rf1 Rg5 33. Rf4 Qc6 34. Bh4 Rg7 35. g3 Rb8 36. b3 Re8 37. a4 Qd6 38. Rf1 Re4 39. Qh5 e2 40. Re1 d3 41. cxd3 Qd4+ 42. Kh1 Qf2 0-1

[Event "POL-chT U19 2nd League"]
[Site "Szczyrk"]
[Date "2014.08.02"]
[Round "11.8"]
[White "Wolniaczyk, Bartosz"]
[Black "Wyczling, Bartosz"]
[Result "1-0"]
[WhiteElo "1581"]
[BlackElo "1766"]
[PlyCount "81"]
[EventDate "2014.07.25"]
[EventType "team-swiss"]
[EventRounds "11"]
[EventCountry "POL"]
[SourceTitle "EXT 2015"]
[Source "ChessBase"]
[SourceDate "2014.11.20"]
[SourceVersion "1"]
[SourceVersionDate "2014.11.20"]
[SourceQuality "1"]
[WhiteTeam "Wielun UKS Piatka U19"]
[BlackTeam "Tczew Skoczek U19"]
[WhiteTeamCountry "POL"]
[BlackTeamCountry "POL"]

1. c4 c5 2. g3 e5 3. Bg2 g6 4. Nc3 Bg7 5. Nf3 Ne7 6. d3 d6 7. 0-0 Nbc6 8. Rb1 0-0 9. a3 a5 10. Ne1 f5 11. f4 Be6 12. Nc2 d5 13. cxd5 Nxd5 14. Nxd5 Bxd5 15. Ne3 Bxg2 16. Nxg2 Kh8 17. Be3 b6 18. Qb3 Re8 19. Rbe1 exf4 20. Rxf4 Rxe3 21. Nxe3 Bd4 22. Rxd4 Qxd4 23. Qc3 Re8 24. Qxd4+ Nxd4 25. Kf2 Kg7 26. Nd5 b5 27. e3 Ne6 28. Nf4 Nc7 29. Rc1 Na6 30. b3 g5 31. Ne2 Re5 32. d4 cxd4 33. Nxd4 Nc5 34. Rxc5 Rxc5 35. Ne6+ Kf6 36. Nxc5 Ke5 37. Nb7 a4 38. bxa4 bxa4 39. Nc5 Kd5 40. Nxa4 g4 41. Nb2 1-0

[Event "POL-chT U19 2nd League"]
[Site "Szczyrk"]
[Date "2014.08.01"]
[Round "10.38"]
[White "Wolniaczyk, Bartosz"]
[Black "Wodecki, Mikolaj"]
[Result "1-0"]
[WhiteElo "1581"]
[BlackElo "1374"]
[PlyCount "103"]
[EventDate "2014.07.25"]
[EventType "team-swiss"]
[EventRounds "11"]
[EventCountry "POL"]
[SourceTitle "EXT 2015"]
[Source "ChessBase"]
[SourceDate "2014.11.20"]
[SourceVersion "1"]
[SourceVersionDate "2014.11.20"]
[SourceQuality "1"]
[WhiteTeam "Wielun UKS Piatka U19"]
[BlackTeam "Jastrzebie Zdroj Pionier U19"]
[WhiteTeamCountry "POL"]
[BlackTeamCountry "POL"]

1. e4 e5 2. Nf3 Nc6 3. Bb5 f5 4. d3 fxe4 5. dxe4 Nf6 6. 0-0 Bc5 7. Bxc6 bxc6 8. Nxe5 0-0 9. Bg5 Qe8 10. Bxf6 Rxf6 11. Nd3 Bd4 12. c3 Bb6 13. e5 Rg6 14. Qf3 d6 15. Nd2 Bg4 16. Qe4 d5 17. Qe1 Qf7 18. Kh1 Qf5 19. Nc1 Qh5 20. f3 Rh6 21. Qg3 Be6 22. Nd3 Rg6 23. Nf4 Rxg3 24. Nxh5 Rg5 25. g4 Rxe5 26. Ng3 Bd7 27. Nb3 c5 28. Rad1 Bc6 29. Kg2 Rd8 30. Rfe1 Rxe1 31. Rxe1 d4 32. Nf5 Bb7 33. cxd4 cxd4 34. Nd2 Ba5 35. Rd1 Re8 36. Nxd4 Bb6 37. N2b3 Rd8 38. Rd2 c5 39. Nf5 Rxd2+ 40. Nxd2 g6 41. Ng3 Bd5 42. b3 Ba5 43. Nde4 Bxe4 44. Nxe4 Bb6 45. f4 Kf7 46. Ng5+ Kg7 47. Kf3 h6 48. Ne4 h5 49. h3 hxg4+ 50. hxg4 Kf7 51. f5 gxf5 52. gxf5 1-0